| 000 | 00865nas a2200301 4500 | ||
|---|---|---|---|
| 001 | BR0504593 | ||
| 003 | BR-BrBNA | ||
| 005 | 20231205105609.0 | ||
| 007 | ta | ||
| 008 | 230509b bl.|||p| |||| 00| 00por d | ||
| 040 |
_aBR-BrBNA _bpor _cBiblioteca Nacional de Agricultura |
||
| 041 | _a(Pt) | ||
| 072 | _aK50; U10 | ||
| 100 | 1 | _aMiná, A.J.S. | |
| 100 | 1 | _aOliveira, F.G.R. de | |
| 100 | 1 | _aCalil Júnior, C. | |
| 100 | 1 | _aDias, A.A. | |
| 100 | 1 | _aSales, A. | |
| 245 | 1 | _aAvaliação não-destrutiva de postes de madeira por meio de ultra-som | |
| 650 | _aEUCALIPTO | ||
| 650 | _aPOSTE | ||
| 650 | _aMADEIRA ROLIÇA | ||
| 650 | _aMODELO MATEMÁTICO | ||
| 650 | _aULTRA-SOM | ||
| 773 | 0 |
_tScientia Forestalis (Brazil) _xISSN 1413-9324 _g(Jun 2004), v. 65 p. 188-196 _wBR0504593 |
|
| 909 |
_a202311 _bLúcia _c55 _dLúcia Elande |
||
| 942 |
_2AGRIS _n0 _cANA |
||
| 999 |
_c183720 _d183720 |
||